Sports Quiz

Random Sports or WWE Quiz
Score 0/33 Timer 05:00
0 Plays Today
Returning segment Legend % Correct
Part of DXShawn Michaels
94.5%
Part of DXTriple H
93.6%
Part of DXX-Pac
91.1%
Part of DXRoad Dogg
90.3%
Part of DXBilly Gunn
89.8%
Returning to help KaneUndertaker
80.2%
Heath Slater matchLita
74.8%
Opening the showVince McMahon
72.6%
Interrupted Daniel Bryan/CM Punk segmentThe Rock
71.7%
Interrupted Paul HeymanStephanie McMahon
70.1%
Heath Slater matchBradshaw
66.6%
Heath Slater matchFaarooq
64.5%
Guest commentatorJim Ross
60.9%
Heath Slater matchVader
57.5%
Guest ring announcerHoward Finkel
56.7%
Heath Slater matchSid
56.2%
Heath Slater matchDoink The Clown
55.3%
Returning segment Legend % Correct
Backstage segment with DXTrish Stratus
52.8%
Answering to Triple HBrock Lesnar
52.1%
Backstage segment with Layla and AJ'Rowdy' Roddy Piper
49.6%
In the corner of Brodus ClayDude Love
49.1%
Answering to Triple HPaul Heyman
48.1%
The Reverend for the weddingSlick
47.4%
Backstage segment with Layla and AJMae Young
47.1%
Guest ring announcerBret Hart
44.2%
Heath Slater matchRoad Warrior Animal
44.1%
Heath Slater matchDDP
43.7%
Heath Slater matchRikishi
41.3%
Backstage segment with Layla and AJ'Hacksaw' Jim Duggan
37.6%
Heath Slater matchSgt Slaughter
35.2%
Backstage segment with Zack Ryder'Mean Gene' Okerlund
35.2%
Heath Slater matchBob Backlund
32.3%
Backstage interview with Daniel BryanSean Mooney
14.8%
Remove Ads.
Support Sporcle.
Get the best of Sporcle when you Go Orange. This ad-free experience offers more features, more stats, and more fun while also helping to support Sporcle. Thank you for becoming a member.

You're not logged in!

Compare scores with friends on all Sporcle quizzes.
OR
Log In

Show Comments

Extras

Created Jul 25, 2012Curator PickedReportNominate
Tags:WWE Quiz

Top Quizzes Today


Score Distribution

Your Account Isn't Verified!

In order to create a playlist on Sporcle, you need to verify the email address you used during registration. Go to your Sporcle Settings to finish the process.

Report this User

Report this user for behavior that violates our Community Guidelines.

Details: